MARC details
| 000 -LÍDER |
| campo de controle de tamanho fixo |
01443naa a22003977a 4500 |
| 001 - NÚMERO DE CONTROLE |
| campo de controle |
BR8205533 |
| 003 - IDENTIFICADOR DO NÚMERO DE CONTROLE |
| campo de controle |
BR-BrBNA |
| 005 - DATA E HORÁRIO DA ÚLTIMA TRANSAÇÃO |
| campo de controle |
20250721143211.0 |
| 007 - CAMPO FIXO DE DESCRIÇÃO FÍSICA--INFORMAÇÃO GERAL |
| campo de controle de tamanho fixo |
ta |
| 008 - CAMPO DE DADOS FIXOS--INFORMAÇÃO GERAL |
| campo de controle de tamanho fixo |
250630b bl.|||m| |||| 00| 0 por d |
| 040 ## - FONTE DA CATALOGAÇÃO |
| Instituição da catalogação original |
BR-BrBNA |
| Idioma da catalogação |
por |
| Instituição que transcreveu o registro |
Biblioteca Nacional de Agricultura |
| 041 ## - CÓDIGO DE IDIOMA |
| Código do idioma do texto/trilha sonora ou título diferente |
(Pt) |
| 072 ## - CÓDIGO DE CATEGORIA DE ASSUNTO |
| Código de Categoria de Assunto |
F23 |
| Código do objeto |
/G514 |
| 090 ## - NÚMERO DE CHAMADA LOCAL |
| Número de chamada |
F23 BR8205533 |
| 100 1# - ENTRADA PRINCIPAL--NOME PESSOAL |
| Nome pessoal |
Fernandes, P.E.C.A. |
| 100 1# - ENTRADA PRINCIPAL--NOME PESSOAL |
| Nome pessoal |
Montes, M.L. |
| 100 1# - ENTRADA PRINCIPAL--NOME PESSOAL |
| Nome pessoal |
Braz, E.R.C. |
| 100 1# - ENTRADA PRINCIPAL--NOME PESSOAL |
| Nome pessoal |
Montes, A. de S.L. |
| 100 1# - ENTRADA PRINCIPAL--NOME PESSOAL |
| Nome pessoal |
Silva, L.L. da |
| 100 1# - ENTRADA PRINCIPAL--NOME PESSOAL |
| Nome pessoal |
Oliveira, F.L.L. de |
| 100 1# - ENTRADA PRINCIPAL--NOME PESSOAL |
| Nome pessoal |
Ghignone, J.I. |
| 100 1# - ENTRADA PRINCIPAL--NOME PESSOAL |
| Nome pessoal |
Siga Junior, O. |
| 100 1# - ENTRADA PRINCIPAL--NOME PESSOAL |
| Nome pessoal |
Castro, H.E.F. de |
| 245 1# - TÍTULO |
| Título |
Folha SD.23 Brasilia 1 - Geologia [recurso natural, Brasil] |
| 490 ## - TÍTULO DA SÉRIE |
| Título da série |
Levantamento de Recursos Naturais - Projeto RADAMBRASIL (Brazil) |
| Número do volume ou designação sequencial da série |
v. 29 |
| 500 ## - NOTA GERAL |
| Nota geral |
Folha SD.23 Brasilia, Geologia, geomorfologia, pedologia, vegetacao e uso potencial da terra<br/>Rio de Janeiro, RJ (Brasil): 1982. p. 25-204 [25 illus.; 39 tables; Summaries (En, Pt); Bibliography p. 180-186 (274 ref.)]<br/>(BR8205533-AMS)<br/> |
| 650 ## - ASSUNTO--TERMO TÓPICO |
| Cabeçalho tópico ou nome geográfico |
GEOLOGIA |
| 650 ## - ASSUNTO--TERMO TÓPICO |
| Cabeçalho tópico ou nome geográfico |
MAPA |
| 650 ## - ASSUNTO--TERMO TÓPICO |
| Cabeçalho tópico ou nome geográfico |
ROCHA |
| 650 ## - ASSUNTO--TERMO TÓPICO |
| Cabeçalho tópico ou nome geográfico |
MINERAL |
| 650 ## - ASSUNTO--TERMO TÓPICO |
| Cabeçalho tópico ou nome geográfico |
CLASSIFICACAO DO SOLO |
| 650 ## - ASSUNTO--TERMO TÓPICO |
| Cabeçalho tópico ou nome geográfico |
BRASILIA |
| 773 0# - ENTRADA ANALÍTICA |
| Título |
Folha SD.23 Brasilia, Geologia, geomorfologia, pedologia, vegetacao e uso potencial da terra |
| Número de controle do registro |
F23 BR8205533 |
| Partes relacionadas |
Rio de Janeiro, RJ (Brasil), 1982. p. 25-204 |
| 942 ## - ELEMENTOS DE ENTRADA ADICIONADOS (KOHA) |
| Tipo de material Koha |
Analítica de Monografia Seriada |
| Fonte da classificação ou esquema de arquivamento na estante |
Classificação AGRIS |
| 909 ## - |
| -- |
202506 |
| -- |
Lúcia |
| -- |
55 |
| -- |
Lúcia Elande |